000
00230nam a22000857a 4500
008
161201b xxu||||| |||| 00| 0 eng d
100
_9
1656
_a
Sibley.R
245
_a
Snow white and the seven dwarft
260
_a
New Delhi
_b
London L.B
_c
1993
999
_c
4370
_d
4370